| 000 | 00420nam a2200145Ia 4500 | ||
|---|---|---|---|
| 008 | 231129s1974||||xx |||||||||||||| ||spa|| | ||
| 020 | _a84-303-0638-2 | ||
| 040 | _bspa | ||
| 082 | _a843.7 H895j | ||
| 100 | _aHugo Victor | ||
| 245 | 0 | _aEl jorobado de Notre Dame (o Nuestra Señora de Paris) | |
| 260 | _c1974 | ||
| 264 | _aBarcelona (España) : Ramon Sopena | ||
| 942 |
_2ddc _cBKS |
||
| 999 |
_c11409 _d11409 |
||